LEADER 01129nam1 2200361 450 001 990000805690203316 035 $a0080569 035 $aUSA010080569 035 $a(ALEPH)000080569USA01 035 $a0080569 100 $a20011210d2001----km-y0itay0103----ba 101 $aita 102 $aIT 105 $ad|||z|||001yy 200 1 $aCarta archeologica della valle del Sinni 210 $aRoma$cL'Erma di Bretschneider$dcopyr. 2001 215 $av.$d26 cm 225 0 $aAtlante tematico di topografia antica$fSupplementi$v10 410 0 $12000-2002$aAtlante tematico di topografia antica$fSupplementi$v10 606 $aArcheologia$yValle del Sinni 607 $aValle del Sinni$xAntichità$eTopografia 676 $a937.7 801 0$aIT$bsalbc$gISBD 912 $a990000805690203316 951 $aX B COLL 134 959 $aBK 969 $auma 979 $aALESSANDRA$b90$c20011210$lUSA01$h1716 979 $aALESSANDRA$b90$c20011210$lUSA01$h1721 979 $c20020403$lUSA01$h1727 979 $aPATRY$b90$c20040406$lUSA01$h1655 996 $aCarta archeologica della valle del Sinni$9966628 997 $aUNISA LEADER 00891cam0-2200313---450- 001 990004711810403321 005 20160922131840.0 035 $a000471181 035 $aFED01000471181 035 $a(Aleph)000471181FED01 035 $a000471181 100 $a19990604g19559999km-y0itay50------ba 101 0 $aita 102 $aIT 105 $aaf------00--- 200 1 $a<>donna greca nell'antichita$fUgo Enrico Paoli 205 $a2. ed. 210 $aFirenze$cLe Monnier$d1955 215 $a186 p., [25] carte di tav.$cill.$d21 cm 610 0 $aDonna$aConcezione$aGrecia antica 676 $a305.40938 700 1$aPaoli,$bUgo Enrico$0137632 801 0$aIT$bUNINA$gRICA$2UNIMARC 901 $aBK 912 $a990004711810403321 952 $aP2B-330-PAOLI U. E.-1955$bIst.Fil.Cl.925$fFLFBC 959 $aFLFBC 996 $aDonna greca nell'antichità$9202877 997 $aUNINA